000 00891nam a2200325Ia 4500
001 Z_2753
003 CHAP
008 220113s1984 xx 000 0 und d
010 _a165812
040 _cCHAP
082 _a633.202 A5
100 _aAméndola Massiotti, Ricardo
_9139805
245 _aLegume persistence in tropical pastures /
_cby Ricardo Améndola Massiotti
260 _aWageningen :
_bDepartment of Fiel Crops and Grassland Science Agricultural University,
_c1984
300 _a117 p.
440 _a
500 _a
503 _a
650 _aAdaptación vegetal I. t.
_9139840
650 _aPastizales
_xTrópicos
_985963
650 _aPastos forrajeros
_986094
650 _aPlantas forrajeras
_988943
650 _aPlantas
_xCompetencia
_988798
901 _a633.202 A5
902 _aA
910 _a1984
942 _c1
942 _cc1
999 _c165812
_d165812